000 00661nam a2200241 i 4500
001 C2-0073994
003 PPAK
005 20180727080430.0
008 970429s1991 si a|||| ||||| | eng d
020 _a0195826612
040 _aPPAK
_beng
_cPPAK
_erda
082 0 4 _a746.662041
_223
090 0 0 _a746.662041
_bFRA
_dG
100 1 _aFrase-Lu, Sylvia,
_eauthor
245 1 0 _aIndonesian batik
264 1 _aSingapore :
_bOxford University Press ,
_c1991
300 _a83 pages :
_billustrations ;
_c20 cm
336 _2rdacontent
_atext
337 _2rdamedia
_aunmediated
338 _2rdacarrier
_avolume
650 1 0 _aBatik - Indonesian
942 _ddc
_cB
999 _c10357
_d10357